Devine les streamer Twitch (Fr) - Statistiques

Statistiques générales
  • Ce quiz a été pris 548 fois
  • Le résultat moyen est 11 sur 20
Statistiques - réponses
Description Streamers % Correct
Membre du duo WankilStudio, il détiens un magnifique PB de 22.38 sur Minecraft. Son chat a réalisé l'exploit de compter jusqu'à 100 000 sans s'arrêter. Terracid
91%
Streamer Gaming FPS, il a habité au Canada avant d'aller habité a Malte. Très present au coté de Squeezie et Gotaga. Locklear
87%
Ancienne joueuse pro sur PUBG avec Gotaga, elle possède une voix magnifique. LittleBigWhale
79%
Le record de viewer en France lui appartiens, il est très souvent en compagnie d'un autre streamer. Il jouait en pointe lors du Eleven All Stars. AmineMaTue
74%
Coprésentateur de l'émission Zen, il a fait des apparition sur d'autre chaine tel que AmineMaTue ou Rebeudeter. Lors du five d'amine, le trophée du pire joueur lui a été décerné. Grimkujow
74%
Streameuse suisse de la team du lundi, elle est en featuring avec Antoine Daniel sur un son de la ZZCCMXTP. BagheraJones
73%
Streamer Smash Bros, il anime parfois une émission où il privatise un musée afin de le faire découvrir a d'autres streamer. Grande passion pour Question Pour Un Champion et pour Samuel Etienne. Etoiles
65%
Il née en Corse et fait ses début dans le cinéma avant de se tourner dans le streaming. Il est présentateur d'une émission de type Talk Show sur Twitch. Maxime Biaggi
63%
Ancien youtubeur, il fait des streams multi-gaming. Il aime beaucoup le bloc de terre sur Minecraft. AntoineDaniel
52%
Streamer Warzone, il a gagné les WorldSeries of Warzone en 2021. ChowH1
52%
Streamer IRL, adore particulièrement la Corée du sud où il est aller plusieurs fois déjà. PapeSan
52%
Streameuse let's play engagé par LeStream en Juillet 2018, elle animera une emission nommée "La peur". Elle est aussi tres ami avec la streameuse Jeel. Maghla
49%
Streamer de la team du lundi, il est connu pour avoir fait énormément de jeux différents. Il est aussi célèbre pour son chien nommée Lilou. Mynthos
44%
Twittos reconverti streamer, il fait beacoup de live irl de ses vacances avec sa copine. Il joué seulement 9 minute lors de l'Eleven All Stars France-Espagne. YassEncore
41%
Principale animateur de l'émission LeStream. Il n'est pas capable de bien s'habiller au moins une fois. Maxildan
40%
Il a récemment quitté un collectif YouTube pour déménager dans le sud. Il y a longtemps il faisait partie d'un duo appelé Arti Show. Linca
31%
Il faisait des vidéos critique de clip ou parodie. Aujourd'hui créateur d'un collectif twitch au nom très mature ! PotatozYTB
28%
Membre de LeStream a la calvitie imposante. Il joue beacoup au jeux de carte Yu-Gi-Ho avec d'autre membre de LeStream. Zouloux
28%
HYYYYYYYYYYYYYYYYYPE !!! Asterionlebon
27%
Sreamer Valorant, il passe son temps a insulter son tchat. Ancien joueur professionnel Fortnite pour la team Lunary Jbzzed
17%
Aucun quiz correspondant
Distribution des résultats
% des personnes avec chaque résultat
Percentile par nombre de réponses
Votre historique - résultats
Vous n’avez pas pris ce quiz